Vista normal Vista MARC

Entrada Corporate Name

Número de registros utilizados en: 19

001 - CONTROL NUMBER

  • control field: 16266

003 - CONTROL NUMBER IDENTIFIER

  • control field: OSt

005 - DATE AND TIME OF LATEST TRANSACTION

  • control field: 20230915230333.0

008 - FIXED-LENGTH DATA ELEMENTS

  • fixed length control field: 230915|| aca||aabn | a|a d

040 ## - CATALOGING SOURCE

  • Original cataloging agency: OSt
  • Transcribing agency: OSt

110 ## - HEADING--CORPORATE NAME

  • Corporate name or jurisdiction name as entry element: Instituto Colombiano de cultura

670 ## - SOURCE DATA FOUND

  • Source citation: Work cat.: (OSt)22843: Instituto Colombiano de cultura, Compositores Colombianos : , editorial Gente nueva









Instituto Departamental de Cultura del Meta - Red Departamental de Bibliotecas Públicas del Meta.